Click Cities in California - Extreme! - Statistics

General Stats
  • This quiz has been taken 33 times
  • The average score is 31 of 50
Answers on the Grid
Answers color-coded by a green-red scale on the quiz's grid according to % correct below.
Los Angeles
San Francisco
San Diego
San Jose
Oakland
Fresno
Oakland
Bakersfield
Oceanside
Riverside
Chula Vista
San Bernardino
Santa Ana
Orange
Anaheim
Burbank
Stockton
Modesto
Victorville
Eureka
Crescent City
Whittier
Napa
Indio
Chino
Berkeley
Ontario
Rancho Cucamonga
Arcadia
Elk Grove
Santa Clarita
Long Beach
Palm Springs
Jurupa Valley
Pasadena
West Covina
Covina
Corona
San Luis Obispo
Santa Barbara
Santa Monica
Huntington Beach
Visalia
Thousand Oaks
Fontana
Santa Rosa
Richland
Carlsbad
Tracy
Redding
Irving
Arlington
San Antonio
Laredo
Chicago
Baltimore
Gaithersburg
Albany
Gainesville
Atlanta
Miami
Portland
Carrollton
Alexandria
Macon
Cedar Rapids
Spokane Valley
Detroit
Erie
Fishers
Toledo
Reno
Enterprise
Fruitland
Harlingen
Springfield
Joplin
Tulsa
Kalamazoo
Salem
Medford
Ocean City
Quincy
Bangor
Portsmouth
Boise
Cheyenne
Rapid City
Wichita
Independence
South Bend
Morgantown
Newport News
Spartanburg
Pittsburgh
Round Rock
West Valley City
Rochester
Eau Claire
Bowling Green
 
Answer Stats
Answer % Correct
San Francisco
96%
Santa Barbara
88%
Bakersfield
85%
Berkeley
85%
Los Angeles
85%
San Bernardino
85%
San Diego
85%
San Jose
85%
Santa Monica
85%
Fresno
81%
Oakland
81%
Santa Ana
81%
Santa Clarita
81%
Long Beach
77%
Oakland
77%
Pasadena
77%
Riverside
77%
Thousand Oaks
77%
Anaheim
73%
Santa Rosa
73%
Napa
69%
Burbank
65%
Chula Vista
65%
Modesto
65%
Oceanside
65%
Rancho Cucamonga
65%
Huntington Beach
62%
Palm Springs
62%
Stockton
62%
San Luis Obispo
58%
Corona
54%
Orange
54%
Visalia
54%
Crescent City
50%
Redding
50%
West Covina
50%
Chino
46%
Jurupa Valley
46%
Covina
42%
Eureka
42%
Arcadia
38%
Carlsbad
38%
Fontana
38%
Ontario
38%
Elk Grove
35%
Victorville
35%
Whittier
35%
Indio
31%
Richland
27%
Tracy
23%
No matching quizzes found
Score Distribution
Percent of People with Each Score
Percentile by Number Answered
Your Score History
You have not taken this quiz